[Event "CAN-ch"]
[Site "Toronto CAN"]
[Date "2025.04.19"]
[Round "5.25"]
[White "Blair, Michael"]
[Black "Li, Adam"]
[Result "0-1"]
[WhiteElo "1840"]
[BlackElo "1960"]
[WhiteFideId "-1"]
[WhiteFideId "-1"]
[PlyCount "110"]
[GameId "2174123309138653"]
[EventDate "2025.04.17"]
[EventType "swiss"]
[EventRounds "9"]
[EventCountry "CAN"]

1. e4 e5 2. Nf3 Nc6 3. Bc4 Bc5 4. O-O Nf6 5. d3 d6 6. c3 Qe7 7. b4 Bb6 8. a4 a5 9. b5 Nb8 10. Re1 Be6 11. Nbd2 Nbd7 12. d4 Bg4 13. Bb2 O-O 14. Nf1 Kh8 15. h3 Bh5 16. Ng3 g6 17. Kh2 Rab8 18. Nxh5 Nxh5 19. Bc1 Ng7 20. Bh6 f5 21. Ng5 Rf6 22. Qb3 fxe4 23. Nf7+ Rxf7 24. Bxf7 exd4 25. Bd5 Nf6 26. Kh1 Qe5 27. cxd4 Bxd4 28. Rad1 Bxf2 29. Re2 Bd4 30. Bxg7+ Kxg7 31. Qc4 Bc5 32. Bxe4 Nh5 33. g4 Ng3+ 34. Kg2 Nxe2 35. Qxe2 Re8 36. Re1 Bb4 37. Rc1 Qxe4+ 38. Qxe4 Rxe4 39. Rxc7+ Kf6 40. Rxb7 Bc5 41. Rxh7 Rxa4 42. Rh8 Rb4 43. Rb8 a4 44. Ra8 a3 45. Ra5 Rb2+ 46. Kf3 Ke5 47. h4 Rb3+ 48. Kg2 Kf4 49. h5 Kxg4 50. hxg6 Rb2+ 51. Kf1 Kf3 52. Rxa3+ Bxa3 53. Kg1 Bc5+ 54. Kh1 Rb4 55. g7 Rh4# 0-1

[Event "CAN-ch"]
[Site "Toronto CAN"]
[Date "2025.04.19"]
[Round "5.26"]
[White "Kola, Venkat Karthikeya R"]
[Black "Zhang, Daniel"]
[Result "1/2-1/2"]
[WhiteElo "1940"]
[BlackElo "1909"]
[WhiteFideId "-1"]
[WhiteFideId "-1"]
[PlyCount "74"]
[GameId "2174127136289509"]
[EventDate "2025.04.17"]
[EventType "swiss"]
[EventRounds "9"]
[EventCountry "CAN"]

1. d4 d5 2. c4 dxc4 3. Nf3 Nf6 4. e3 e6 5. Bxc4 c5 6. O-O a6 7. dxc5 Bxc5 8. Qxd8+ Kxd8 9. Nbd2 b5 10. Be2 Ke7 11. a4 b4 12. b3 Bb7 13. Bb2 Nbd7 14. Rac1 Rhc8 15. Ne5 Nxe5 16. Bxe5 Nd7 17. Bb2 f6 18. Rfd1 Bd5 19. Bc4 Nb6 20. Bxd5 Nxd5 21. Nc4 a5 22. Kf1 Nb6 23. Nxb6 Bxb6 24. Rxc8 Rxc8 25. Rc1 Rxc1+ 26. Bxc1 Kd6 27. Ke2 e5 28. Kd3 g6 29. Kc4 Kc6 30. Bb2 Bc7 31. e4 Bd8 32. Bc1 Bc7 33. g4 g5 34. Be3 Bd6 35. f3 Bf8 36. h3 Be7 37. Bg1 Bf8 1/2-1/2

[Event "CAN-ch"]
[Site "Toronto CAN"]
[Date "2025.04.20"]
[Round "5.26"]
[White "Kola, Venkat Karthikeya R"]
[Black "Malakhovets, Sergey"]
[Result "0-1"]
[WhiteElo "1940"]
[BlackElo "1969"]
[WhiteFideId "-1"]
[WhiteFideId "-1"]
[PlyCount "202"]
[GameId "2173487466225344"]
[EventDate "2025.04.17"]
[EventType "swiss"]
[EventRounds "9"]
[EventCountry "CAN"]

1. d4 d5 2. c4 c6 3. Nc3 Nf6 4. e3 a6 5. a4 e6 6. Nf3 a5 7. Be2 Be7 8. O-O O-O 9. Ne5 Na6 10. b3 Nb4 11. Ba3 Nd7 12. Nf3 b6 13. Ne1 Bb7 14. Nc2 Nf6 15. Bf3 Qc7 16. Qd2 Rad8 17. cxd5 exd5 18. Rfc1 Bd6 19. h3 Qe7 20. Bxb4 axb4 21. Ne2 Ra8 22. Nf4 Rfc8 23. a5 bxa5 24. Nd3 Ne4 25. Bxe4 dxe4 26. Nb2 Rd8 27. Nc4 Bc7 28. Ne1 Rd5 29. f4 c5 30. Qf2 cxd4 31. exd4 Qf6 32. Ne3 Rd7 33. g3 Bb6 34. N1c2 Qd8 35. Ra2 Ba6 36. Rca1 Bb5 37. Kh2 Rc8 38. Rd1 Bd3 39. Ne1 Rxd4 40. Rad2 Rd7 41. Nxd3 exd3 42. Qf3 Bxe3 43. Qxe3 Rc2 44. Qe4 Rxd2+ 45. Rxd2 h6 46. h4 Rd4 47. Qe5 Rd5 48. Qe4 Qd7 49. Qc4 h5 50. Qe4 g6 51. Qc4 Qf5 52. Kg2 Qd7 53. Kh2 Rd4 54. Qc5 Qd5 55. Qc8+ Kg7 56. Qc7 Re4 57. Qc1 Qxb3 58. Qa1+ Qc3 59. Qd1 Rd4 60. f5 Rd6 61. fxg6 fxg6 62. Qe1 Qf6 63. Rf2 d2 64. Rxd2 Rxd2+ 65. Qxd2 Qf7 66. Qe1 Kh7 67. Qa1 Qf2+ 68. Kh3 Qf5+ 69. Kh2 b3 70. Qa3 Qf2+ 71. Kh3 Qf1+ 72. Kh2 Qe2+ 73. Kh3 b2 74. Qa2 Kg7 75. Qb1 a4 76. Qg1 Qe6+ 77. Kh2 a3 78. Qa7+ Qf7 79. Qd4+ Kh7 80. Qb6 Qd7 81. Qb3 Qd2+ 82. Kh3 Qd7+ 83. Kh2 Qf5 84. Qb7+ Kg8 85. Qa8+ Kf7 86. Qa7+ Ke6 87. Qa6+ Kd5 88. Qa5+ Kc4 89. Qa4+ Kc3 90. Qxa3+ Kc2 91. Qa4+ Kc1 92. Qa3 Qc2+ 93. Kh3 Kd1 94. Qd6+ Ke1 95. Qb4+ Kf1 96. Qb5+ Kg1 97. Qb6+ Qf2 98. Qe3 b1=Q 99. Qf3 Qf5+ 100. Qxf5 Qxf5+ 101. g4 Qxg4# 0-1

[Event "CAN-ch"]
[Site "Toronto CAN"]
[Date "2025.04.19"]
[Round "5.27"]
[White "Malakar, Saarthak"]
[Black "Zhao, Jifan"]
[Result "1-0"]
[WhiteElo "1930"]
[BlackElo "1890"]
[WhiteFideId "-1"]
[WhiteFideId "-1"]
[PlyCount "67"]
[GameId "2174159304733421"]
[EventDate "2025.04.17"]
[EventType "swiss"]
[EventRounds "9"]
[EventCountry "CAN"]

1. d4 d5 2. Nf3 Nf6 3. g3 e6 4. Bg2 Be7 5. c4 c6 6. Nc3 b6 7. Qb3 Bb7 8. Bf4 Nh5 9. Be3 O-O 10. Rc1 Nd7 11. O-O Rc8 12. Rfd1 Qc7 13. Bg5 Bxg5 14. Nxg5 h6 15. Nf3 Nhf6 16. cxd5 cxd5 17. Rc2 a6 18. Rdc1 Qd6 19. a4 Ne4 20. e3 f5 21. Ne5 Ndc5 22. dxc5 Nxc5 23. Qb4 Qxe5 24. Qxb6 Rc6 25. Qb4 a5 26. Qb5 Rd8 27. Ne2 Rb8 28. Rxc5 Ba8 29. Qxa5 Rxc5 30. Qxc5 Qxb2 31. Nf4 Bb7 32. Nxe6 Rc8 33. Nc7 Qe5 34. a5 1-0

[Event "CAN-ch"]
[Site "Toronto CAN"]
[Date "2025.04.20"]
[Round "6.2"]
[White "Sambuev, Bator"]
[Black "Rodrigue-Lemieux, Shawn"]
[Result "1/2-1/2"]
[WhiteElo "2429"]
[BlackElo "2505"]
[WhiteFideId "-1"]
[WhiteFideId "-1"]
[PlyCount "74"]
[GameId "2170886165198192"]
[EventDate "2025.04.17"]
[EventType "swiss"]
[EventRounds "9"]
[EventCountry "CAN"]

1. c4 e6 2. Nf3 d5 3. g3 dxc4 4. Qa4+ Nd7 5. Bg2 a6 6. Qxc4 b5 7. Qc2 Bb7 8. O-O Ngf6 9. a4 bxa4 10. Rxa4 c5 11. b3 Be7 12. Bb2 O-O 13. Na3 Nb6 14. Rh4 h6 15. Nc4 Nxc4 16. bxc4 Rb8 17. Be5 Bd6 18. Bc3 Re8 19. Rb1 e5 20. Rxb7 Rxb7 21. Nxe5 Bxe5 22. Bxb7 Bxc3 23. dxc3 a5 24. Rf4 Qd7 25. Ba6 Qe6 26. Bb5 Qxe2 27. Qf5 Rd8 28. Kg2 h5 29. Ba4 Qe7 30. Qb1 Rd2 31. Qb8+ Rd8 32. Qb6 Rd2 33. Qc6 Ng4 34. Qc8+ Rd8 35. Qc6 Rd2 36. Qc8+ Rd8 37. Qc6 Rd2 1/2-1/2

[Event "CAN-ch"]
[Site "Toronto CAN"]
[Date "2025.04.20"]
[Round "6.3"]
[White "Yang, Ryan"]
[Black "Kaufman, Raymond"]
[Result "1/2-1/2"]
[WhiteElo "2350"]
[BlackElo "2216"]
[WhiteFideId "-1"]
[WhiteFideId "-1"]
[PlyCount "159"]
[GameId "2170886165198193"]
[EventDate "2025.04.17"]
[EventType "swiss"]
[EventRounds "9"]
[EventCountry "CAN"]

1. e4 e5 2. Nc3 Nf6 3. g3 Bc5 4. Bg2 O-O 5. d3 c6 6. Nf3 d6 7. h3 a5 8. a4 Re8 9. O-O Nbd7 10. Kh2 Bb6 11. Nd2 Nf8 12. Nc4 Bc7 13. Ne3 Be6 14. d4 exd4 15. Qxd4 Bb6 16. Qd3 Bc5 17. f4 N8d7 18. Nc4 Nb6 19. Nxb6 Qxb6 20. f5 Bc8 21. Bf4 Nd7 22. Bxd6 Bxd6 23. Qxd6 Qxb2 24. Qd2 Qb4 25. Rab1 Qc5 26. Rfd1 h6 27. Qd4 Kf8 28. Bf1 Qxd4 29. Rxd4 Ne5 30. Kg2 Ke7 31. Ne2 g6 32. Nf4 gxf5 33. exf5 Bxf5 34. Rxb7+ Kf8 35. Bd3 Nxd3 36. cxd3 Rab8 37. Rxb8 Rxb8 38. Rc4 Rb4 39. Rc5 Bh7 40. Rxa5 Rd4 41. Ra6 Bxd3 42. Nxd3 Rxd3 43. Rxc6 Ra3 44. Ra6 h5 45. Ra8+ Kg7 46. a5 h4 47. gxh4 f5 48. a6 f4 49. h5 Rg3+ 50. Kf2 Rxh3 51. Rb8 Ra3 52. Rb6 Kh7 53. Rc6 Rb3 54. Rc8 Ra3 55. Rc6 Rb3 56. Ke2 Ra3 57. Rb6 Kg8 58. Rc6 Kh7 59. Rf6 Kg7 60. Re6 Kh7 61. h6 Rb3 62. Re8 Ra3 63. Re6 Rb3 64. Rf6 Ra3 65. Kd2 f3 66. Ke1 Ra2 67. Kf1 Ra3 68. Kf2 Ra1 69. Re6 Ra3 70. Rf6 Ra1 71. Ke3 Ra3+ 72. Kd2 Ra2+ 73. Ke1 Kg8 74. Rd6 Kh7 75. Kf1 Kg8 76. Rb6 Kh7 77. Rc6 Kg8 78. Rc8+ Kh7 79. a7 Rxa7 80. Kf2 1/2-1/2

[Event "CAN-ch"]
[Site "Toronto CAN"]
[Date "2025.04.20"]
[Round "6.5"]
[White "Ng, Gary"]
[Black "Atanasov, Anthony"]
[Result "1/2-1/2"]
[WhiteElo "2210"]
[BlackElo "2413"]
[WhiteFideId "-1"]
[WhiteFideId "-1"]
[PlyCount "218"]
[GameId "2170886165202291"]
[EventDate "2025.04.17"]
[EventType "swiss"]
[EventRounds "9"]
[EventCountry "CAN"]

1. Nf3 d5 2. c4 e6 3. d4 Nf6 4. g3 Be7 5. Bg2 O-O 6. O-O a5 7. Nc3 c6 8. Ne5 Nfd7 9. Nxd7 Nxd7 10. b3 f5 11. Bb2 Kh8 12. Qc2 b6 13. Rad1 Ba6 14. Nb1 Rc8 15. Nd2 b5 16. c5 Bf6 17. f4 g5 18. e3 g4 19. Kf2 Be7 20. Rh1 Nf6 21. a3 h5 22. b4 h4 23. Bc3 Kg7 24. Ra1 Rh8 25. Rhd1 Rh6 26. Rg1 a4 27. Rad1 Kf7 28. Qb1 Qh8 29. Qc1 Qh7 30. Qb1 Rh8 31. Qc1 Ke8 32. Qb1 Kd8 33. Qc1 Kc7 34. Qb1 Bc8 35. Qc1 Bd7 36. Qb1 Be8 37. Qc1 Bf7 38. Qb1 Qg8 39. Qc1 Qd8 40. Qb1 R8h7 41. Qc1 Bg6 42. Qb1 Qc8 43. Qc1 Qb7 44. Qb1 Qa7 45. Qc1 Qa8 46. Qb1 Qb8 47. Qc1 Qc8 48. Qb1 Kb7 49. Qc1 Qf8 50. Qb1 Qg8 51. Qc1 Nh5 52. Nf1 Qd8 53. Qb1 Qe8 54. Qc1 Qf8 55. Qb1 Qg8 56. Qc1 Kc8 57. Qb1 Rh8 58. Qc1 Nf6 59. Nd2 R6h7 60. Qb1 Rh5 61. Qc1 Nh7 62. Qb1 Ng5 63. Qc1 Nh3+ 64. Bxh3 hxg3+ 65. hxg3 Rxh3 66. Rg2 R8h6 67. Rdg1 Qh7 68. Qf1 Bf7 69. Ke2 R6h5 70. Qf2 Kb7 71. Nf1 e5 72. Kd1 exf4 73. exf4 Rh6 74. Nd2 Re6 75. Kc2 Bf6 76. Re1 Rxe1 77. Qxe1 Rh1 78. Qe2 Qh8 79. Qf2 Be6 80. Bb2 Bd7 81. Qe3 Rh7 82. Re2 Kc8 83. Kd3 Rh1 84. Re1 Rh3 85. Re2 Kd8 86. Bc3 Rh1 87. Re1 Rh7 88. Re2 Qg7 89. Bb2 Rh8 90. Bc3 Qh7 91. Bb2 Qh3 92. Qf2 Rh7 93. Kc2 Qh1 94. Re1 Rh2 95. Rxh1 Rxf2 96. Rg1 Be7 97. Kd3 Ke8 98. Ke3 Rh2 99. Kd3 Kf7 100. Kc2 Kg6 101. Kd1 Bf6 102. Re1 Rg2 103. Re3 Kf7 104. Ke1 Bd8 105. Rd3 Bc7 106. Kf1 Rh2 107. Kg1 Rh3 108. Rc3 Bd8 109. Kg2 Bf6 1/2-1/2

[Event "CAN-ch"]
[Site "Toronto CAN"]
[Date "2025.04.20"]
[Round "6.6"]
[White "Jaferian, Koosha"]
[Black "Kalinin, Dzmitry"]
[Result "0-1"]
[WhiteElo "2293"]
[BlackElo "2119"]
[WhiteFideId "-1"]
[WhiteFideId "-1"]
[PlyCount "150"]
[GameId "2170886165206388"]
[EventDate "2025.04.17"]
[EventType "swiss"]
[EventRounds "9"]
[EventCountry "CAN"]

1. d4 d5 2. c4 e6 3. Nf3 Nf6 4. Nc3 Be7 5. Bf4 O-O 6. e3 c5 7. dxc5 Qa5 8. a3 dxc4 9. Bxc4 Qxc5 10. Qe2 a6 11. b4 Qa7 12. e4 Nc6 13. e5 Nd7 14. Qe4 Rd8 15. h4 Nf8 16. h5 b5 17. Bb3 Bb7 18. Be3 Nxb4 19. Bxa7 Bxe4 20. Bb6 Nd3+ 21. Kf1 Rdb8 22. Nxe4 Rxb6 23. Bc2 Nc5 24. Ke2 Rc8 25. Rhb1 Nfd7 26. Ned2 Rbb8 27. Rb2 Nb6 28. Nd4 Nca4 29. Bxa4 Nxa4 30. Rb3 Rc5 31. f4 Rd8 32. N2f3 Rc4 33. Rd3 Kf8 34. f5 exf5 35. Nxf5 Rxd3 36. Kxd3 Rc3+ 37. Kd4 Bxa3 38. Ke4 g6 39. N5d4 gxh5 40. Rh1 Rc4 41. Rxh5 Bb2 42. Rxh7 Bxd4 43. Nxd4 Nc3+ 44. Kd3 Kg8 45. Rh6 Nd5 46. g3 Nc7 47. Rb6 Ra4 48. Nf5 Ne6 49. Rb8+ Kh7 50. Nd6 Kg7 51. Kc3 Nc5 52. Nf5+ Kg6 53. Ne7+ Kh7 54. Rf8 Ne4+ 55. Kb3 Ng5 56. Nd5 Kg7 57. Ra8 Ne4 58. Nc7 Nc5+ 59. Kb2 Nd3+ 60. Kb3 Nc5+ 61. Kb2 Kg6 62. Rg8+ Kf5 63. Rg7 Nd3+ 64. Kb3 Nxe5 65. Rg8 Nd7 66. Ne8 Nf6 67. g4+ Ke6 68. Ng7+ Ke5 69. Rf8 Rxg4 70. Rxf7 a5 71. Re7+ Kd5 72. Nf5 Rf4 73. Ne3+ Kd6 74. Ra7 Rf3 75. Rxa5 Kc5 0-1

[Event "CAN-ch"]
[Site "Toronto CAN"]
[Date "2025.04.20"]
[Round "6.8"]
[White "Mendes, Aaron Reeve"]
[Black "Dhaliwal, Jaipreet Singh"]
[Result "1-0"]
[WhiteElo "2335"]
[BlackElo "2109"]
[WhiteFideId "-1"]
[WhiteFideId "-1"]
[PlyCount "57"]
[GameId "2174540456012990"]
[EventDate "2025.04.17"]
[EventType "swiss"]
[EventRounds "9"]
[EventCountry "CAN"]

1. e4 c5 2. Nc3 d6 3. d4 cxd4 4. Qxd4 Nc6 5. Qd2 g6 6. b3 Bh6 7. f4 Nf6 8. Bb2 O-O 9. O-O-O a5 10. a4 Nb4 11. Kb1 Qb6 12. Be2 Be6 13. Nf3 Rac8 14. Nd4 Bd7 15. Rhf1 Rc5 16. Qe1 Rfc8 17. h3 Bg7 18. Bb5 Qc7 19. Rf3 h5 20. Bxd7 Nxd7 21. g4 hxg4 22. hxg4 g5 23. Qh1 gxf4 24. Rh3 f3 25. Nf5 Rxc3 26. Rh7 Bf6 27. Qh6 Rxb3 28. Nxe7+ Bxe7 29. Rh8# 1-0

[Event "CAN-ch"]
[Site "Toronto CAN"]
[Date "2025.04.20"]
[Round "6.9"]
[White "Lin, Leo"]
[Black "Duong, Thanh Nha"]
[Result "0-1"]
[WhiteElo "2119"]
[BlackElo "2182"]
[WhiteFideId "-1"]
[WhiteFideId "-1"]
[PlyCount "104"]
[GameId "2173090913733206"]
[EventDate "2025.04.17"]
[EventType "swiss"]
[EventRounds "9"]
[EventCountry "CAN"]

1. e4 e5 2. Nf3 Nf6 3. Nxe5 d6 4. Nf3 Nxe4 5. Nc3 Nxc3 6. dxc3 Be7 7. Be3 O-O 8. Qd2 Nd7 9. Bd3 d5 10. O-O-O Nc5 11. Bxc5 Bxc5 12. c4 c6 13. cxd5 cxd5 14. Kb1 Qb6 15. Rhf1 a5 16. c3 a4 17. Ka1 a3 18. b3 Qf6 19. Qc2 g6 20. h3 Bxh3 21. gxh3 Qxf3 22. Be2 Qxh3 23. Rxd5 Rac8 24. Rd3 Qf5 25. Kb1 Rfe8 26. Bf3 b5 27. Bd5 Bf8 28. Rfd1 Kg7 29. Rf3 Qxc2+ 30. Kxc2 f5 31. Kd3 b4 32. c4 Bc5 33. Rh1 Rc7 34. Rfh3 h5 35. R1h2 Kf6 36. Rg2 Re1 37. Rhg3 Rg7 38. f4 Bd6 39. Re3 Rxe3+ 40. Kxe3 Re7+ 41. Kd4 Re1 42. c5 Rd1+ 43. Kc4 Rc1+ 44. Kxb4 Rxc5 45. Bc4 Rc7+ 46. Kc3 Bxf4 47. b4 h4 48. b5 h3 49. Rg1 h2 50. Rh1 g5 51. Kd4 Rxc4+ 52. Kxc4 g4 0-1

[Event "CAN-ch"]
[Site "Toronto CAN"]
[Date "2025.04.20"]
[Round "6.10"]
[White "Kot, Emanuel"]
[Black "Wang, Harry"]
[Result "1-0"]
[WhiteElo "2103"]
[BlackElo "2181"]
[WhiteFideId "-1"]
[WhiteFideId "-1"]
[PlyCount "77"]
[GameId "2173109828950622"]
[EventDate "2025.04.17"]
[EventType "swiss"]
[EventRounds "9"]
[EventCountry "CAN"]

1. e4 e6 2. d4 d5 3. Nd2 Nc6 4. Ngf3 Nf6 5. e5 Nd7 6. Bd3 Nb4 7. Be2 c5 8. c3 Nc6 9. O-O f5 10. exf6 Qxf6 11. Re1 Bd6 12. Nf1 O-O 13. Bg5 Qf7 14. Bh4 h6 15. Bg3 Bxg3 16. Nxg3 g5 17. Bd3 Nf6 18. Ne5 Nxe5 19. Rxe5 c4 20. Bc2 Bd7 21. h3 Rae8 22. Qe2 Kh8 23. Rf1 Rg8 24. Kh2 Qg7 25. Qe3 h5 26. f4 h4 27. fxg5 hxg3+ 28. Qxg3 Ne4 29. Bxe4 dxe4 30. g6 Qh6 31. Rf6 Rg7 32. Qg4 Kg8 33. Rh5 e5 34. Qh4 Qxh5 35. Qxh5 exd4 36. Qd5+ Kh8 37. Qxd4 Bc6 38. Rf7 Reg8 39. Qf6 1-0

[Event "CAN-ch"]
[Site "Toronto CAN"]
[Date "2025.04.20"]
[Round "6.11"]
[White "Windram, James"]
[Black "Teodoro, Eduardo"]
[Result "1-0"]
[WhiteElo "1953"]
[BlackElo "2350"]
[WhiteFideId "-1"]
[WhiteFideId "-1"]
[PlyCount "47"]
[GameId "2173115933219529"]
[EventDate "2025.04.17"]
[EventType "swiss"]
[EventRounds "9"]
[EventCountry "CAN"]

1. Nf3 d5 2. g3 g6 3. c4 Nf6 4. cxd5 Nxd5 5. Bg2 Bg7 6. d4 O-O 7. O-O c6 8. e4 Nc7 9. h3 Nd7 10. Nc3 Nf6 11. Be3 e6 12. Qd2 Nb5 13. Nxb5 cxb5 14. Ne5 Ne8 15. Rad1 f6 16. Nd3 Nd6 17. b3 a5 18. d5 exd5 19. Nf4 f5 20. Qxd5+ Nf7 21. Qxb5 Qe8 22. Qxe8 Rxe8 23. Nd5 Rd8 24. Nb6 1-0

[Event "CAN-ch"]
[Site "Toronto CAN"]
[Date "2025.04.20"]
[Round "6.12"]
[White "Zhong, Ryan Yunhui"]
[Black "Song, Ethan"]
[Result "1/2-1/2"]
[WhiteElo "2078"]
[BlackElo "2291"]
[WhiteFideId "-1"]
[WhiteFideId "-1"]
[PlyCount "86"]
[GameId "2173119730289361"]
[EventDate "2025.04.17"]
[EventType "swiss"]
[EventRounds "9"]
[EventCountry "CAN"]

1. e4 e5 2. Nf3 Nc6 3. d4 exd4 4. Nxd4 Qf6 5. Be3 Bc5 6. c3 Nge7 7. Bc4 Ne5 8. Be2 Qg6 9. O-O d6 10. Bh5 Qf6 11. Nb5 O-O 12. Nxc7 Rb8 13. Bxc5 dxc5 14. Na3 Qf4 15. Nd5 Nxd5 16. Qxd5 Be6 17. Qxc5 Qg5 18. Kh1 b6 19. Qb5 Qxh5 20. f4 Rbd8 21. Qxe5 Qxe5 22. fxe5 Rd2 23. b3 Rfd8 24. Nb5 R8d3 25. Kg1 a6 26. Nd4 Rxc3 27. Rfd1 Rcd3 28. Rxd2 Rxd2 29. Nf3 Re2 30. Kf1 Rxe4 31. Rd1 g5 32. Rd6 g4 33. Nd4 Rxe5 34. Rxb6 a5 35. Rb5 Rd5 36. Rxd5 Bxd5 37. Kf2 Kg7 38. Nf5+ Kf6 39. Ne3 Be6 40. Kg3 Kg5 41. Nc2 h5 42. Nd4 Bd5 43. Kf2 f5 1/2-1/2

[Event "CAN-ch"]
[Site "Toronto CAN"]
[Date "2025.04.20"]
[Round "6.13"]
[White "Cummings, David"]
[Black "Liu, Sean"]
[Result "1/2-1/2"]
[WhiteElo "2257"]
[BlackElo "1937"]
[WhiteFideId "-1"]
[WhiteFideId "-1"]
[PlyCount "174"]
[GameId "2173146856516313"]
[EventDate "2025.04.17"]
[EventType "swiss"]
[EventRounds "9"]
[EventCountry "CAN"]

1. c4 Nf6 2. Nc3 e6 3. Nf3 b6 4. g3 Bb7 5. Bg2 Be7 6. O-O O-O 7. Re1 d5 8. cxd5 exd5 9. d4 Nbd7 10. b3 Re8 11. Bb2 Bb4 12. a3 Bxc3 13. Bxc3 Ne4 14. Bb2 Qe7 15. Rc1 c6 16. e3 Rad8 17. Rc2 f6 18. Qe2 Qd6 19. Nh4 g6 20. Nf3 Re7 21. Rec1 Rde8 22. Ne1 a5 23. Nd3 Ng5 24. a4 Rc8 25. Qd1 Ree8 26. Ra1 Kg7 27. Ba3 Qb8 28. Rac1 Nf7 29. Nf4 f5 30. Nd3 Nf6 31. Bb2 Qd6 32. Ne5 Kg8 33. Ra1 Qe6 34. Nd3 Ne4 35. Ba3 Ba6 36. Rac1 Qd7 37. Rb1 Ra8 38. Nf4 Nf6 39. Rbc1 Rac8 40. Nd3 Qe6 41. Re2 Qd7 42. Re1 Qb7 43. Rb1 Ra8 44. Nf4 Qd7 45. Qc2 Rec8 46. Nd3 Ne4 47. Rbc1 Bb7 48. f3 Nf6 49. Ne5 Qe6 50. Bb2 Nxe5 51. dxe5 Nd7 52. e4 fxe4 53. fxe4 Nc5 54. Re3 dxe4 55. Rf1 Rf8 56. Rf6 Rxf6 57. exf6 Re8 58. f7+ Kxf7 59. Qc3 Ke7 60. Ba3 Kd7 61. Bxc5 bxc5 62. Rxe4 Qf7 63. Bh3+ Kc7 64. Qxa5+ Kb8 65. Rxe8+ Qxe8 66. Qxc5 Qe1+ 67. Bf1 Kc7 68. a5 Bc8 69. Qb6+ Kd6 70. Qd4+ Kc7 71. Qf4+ Kb7 72. a6+ Ka8 73. Kg2 Qa5 74. b4 Qa2+ 75. Kg1 Bxa6 76. Qf8+ Ka7 77. Qc5+ Kb7 78. b5 Bxb5 79. Bxb5 cxb5 80. Qxb5+ Kc7 81. Qe5+ Kc6 82. Qe8+ Kd6 83. Qf8+ Ke5 84. Qg7+ Kf5 85. Qf8+ Ke5 86. Qe7+ Kf5 87. Qf8+ Ke5 1/2-1/2

[Event "CAN-ch"]
[Site "Toronto CAN"]
[Date "2025.04.20"]
[Round "6.14"]
[White "Barron, Michael"]
[Black "Moses, Neil"]
[Result "0-1"]
[WhiteElo "2062"]
[BlackElo "2148"]
[WhiteFideId "-1"]
[WhiteFideId "-1"]
[PlyCount "86"]
[GameId "2173174477687524"]
[EventDate "2025.04.17"]
[EventType "swiss"]
[EventRounds "9"]
[EventCountry "CAN"]

1. e4 c5 2. Nf3 e6 3. d4 cxd4 4. Nxd4 a6 5. Bd3 Nf6 6. c4 Nc6 7. Nxc6 dxc6 8. Qe2 e5 9. Nc3 Bc5 10. Be3 Qe7 11. a3 b5 12. cxb5 Bxe3 13. Qxe3 cxb5 14. O-O O-O 15. Bb1 Be6 16. Ba2 Rfd8 17. Rfd1 Bxa2 18. Nxa2 Qe6 19. Nc3 Qb3 20. Rd2 Rxd2 21. Qxd2 Rc8 22. Rd1 h6 23. f3 Rc4 24. Qe2 a5 25. Rd2 b4 26. axb4 Qxb4 27. Kf2 Rd4 28. Rxd4 exd4 29. Nd5 Nxd5 30. exd5 Kf8 31. Qc2 Qb6 32. Ke1 Qd6 33. Qc4 Qe5+ 34. Kd1 Kg8 35. Kc2 g6 36. g3 h5 37. f4 Qe4+ 38. Kb3 Qe3+ 39. Ka4 d3 40. Qc8+ Kh7 41. f5 d2 42. fxg6+ Kg7 43. gxf7 d1=Q+ 0-1

[Event "CAN-ch"]
[Site "Toronto CAN"]
[Date "2025.04.20"]
[Round "6.15"]
[White "Joseph Benher, Savio"]
[Black "Yang, Larry"]
[Result "0-1"]
[WhiteElo "2108"]
[BlackElo "1937"]
[WhiteFideId "-1"]
[WhiteFideId "-1"]
[PlyCount "106"]
[GameId "2173181852273388"]
[EventDate "2025.04.17"]
[EventType "swiss"]
[EventRounds "9"]
[EventCountry "CAN"]

1. e4 c5 2. Nf3 Nc6 3. d4 cxd4 4. Nxd4 g6 5. c4 Bg7 6. Be3 Qb6 7. Nb3 Qd8 8. Nc3 Bxc3+ 9. bxc3 Nf6 10. f3 d6 11. Bh6 Rg8 12. Qd2 Be6 13. Be3 Rc8 14. Nd4 Nxd4 15. cxd4 Bxc4 16. Bxc4 Rxc4 17. O-O d5 18. Qd3 Nd7 19. a4 Qa5 20. Rfb1 Qc3 21. Qxc3 Rxc3 22. Bf2 b6 23. a5 f5 24. e5 Kf7 25. axb6 axb6 26. e6+ Kxe6 27. Ra7 f4 28. Be1 Re3 29. Bd2 Re2 30. Bxf4 Rc8 31. Kf1 Rcc2 32. Bg3 g5 33. Rc1 Rxc1+ 34. Kxe2 Rc2+ 35. Kf1 Rd2 36. Bf2 Rb2 37. h4 gxh4 38. Bxh4 b5 39. Ra6+ Kf7 40. Ra7 Nf6 41. g4 h6 42. Bg3 b4 43. Bd6 Ng8 44. Rb7 b3 45. Bc5 Kg6 46. Rb6+ Kg5 47. Rb8 Kf4 48. Rxg8 Ra2 49. Rf8+ Kg3 50. Bb4 Rf2+ 51. Kg1 b2 52. Bd6+ exd6 53. Rb8 Rc2 0-1

[Event "CAN-ch"]
[Site "Toronto CAN"]
[Date "2025.04.20"]
[Round "6.16"]
[White "Zhang, Brian"]
[Black "Marchand, Calix"]
[Result "0-1"]
[WhiteElo "1951"]
[BlackElo "2104"]
[WhiteFideId "-1"]
[WhiteFideId "-1"]
[PlyCount "62"]
[GameId "2173199632698100"]
[EventDate "2025.04.17"]
[EventType "swiss"]
[EventRounds "9"]
[EventCountry "CAN"]

1. e4 c5 2. Nf3 e6 3. d4 cxd4 4. Nxd4 Nc6 5. Nc3 Qc7 6. Be3 a6 7. Bd3 b5 8. Qe2 Bb7 9. Nxc6 Qxc6 10. f3 Rc8 11. O-O Qc7 12. Rad1 Nf6 13. a4 b4 14. Nb1 Bd6 15. g3 Bc5 16. Rf2 O-O 17. Bxc5 Qxc5 18. Bxa6 Bxa6 19. Qxa6 d5 20. e5 Nd7 21. Qe2 Qa7 22. b3 Rc6 23. Kg2 Rfc8 24. Rd2 Qc7 25. Qe1 Qxe5 26. Qxe5 Nxe5 27. Kf1 g5 28. Rde2 f6 29. Ke1 Nd3+ 30. cxd3 Rc1+ 31. Kd2 d4 0-1

[Event "CAN-ch"]
[Site "Toronto CAN"]
[Date "2025.04.20"]
[Round "6.17"]
[White "Gao, Heye"]
[Black "Lu, Eddie"]
[Result "0-1"]
[WhiteElo "2003"]
[BlackElo "1889"]
[WhiteFideId "-1"]
[WhiteFideId "-1"]
[PlyCount "90"]
[GameId "2173219867716348"]
[EventDate "2025.04.17"]
[EventType "swiss"]
[EventRounds "9"]
[EventCountry "CAN"]

1. e4 e5 2. Nf3 Nf6 3. Nxe5 Nxe4 4. Qe2 Qe7 5. Qxe4 d6 6. d4 dxe5 7. Qxe5 Qxe5+ 8. dxe5 Nc6 9. Bb5 Bd7 10. Bxc6 Bxc6 11. O-O O-O-O 12. Be3 b6 13. c4 Re8 14. f4 g5 15. Bd4 Rd8 16. Be3 gxf4 17. Rxf4 Bh6 18. Nd2 Rd3 19. Kf2 Rhd8 20. Rd1 Bxg2 21. Kxg2 Rxe3 22. Rxf7 Re2+ 23. Kf1 Rxh2 24. Rxh7 Rh1+ 25. Ke2 Rxd1 26. Kxd1 Bxd2 27. Kc2 Bf4 28. e6 Re8 29. Rf7 Be5 30. b4 Rxe6 31. b5 Bd6 32. Kd3 Bc5 33. Rh7 Re3+ 34. Kc2 Kb7 35. Rf7 Bb4 36. Kb2 Bd6 37. Rf5 Kc8 38. Rg5 Kd7 39. Rg8 Be5+ 40. Kb1 Re4 41. Ra8 Rxc4 42. Rxa7 Rb4+ 43. Kc2 Rxb5 44. Kd3 Ra5 45. Rb7 Kc8 0-1

[Event "CAN-ch"]
[Site "Toronto CAN"]
[Date "2025.04.20"]
[Round "6.18"]
[White "Li, Adam"]
[Black "Gavrilin, Roman"]
[Result "0-1"]
[WhiteElo "1960"]
[BlackElo "2170"]
[WhiteFideId "-1"]
[WhiteFideId "-1"]
[PlyCount "78"]
[GameId "2173228317010692"]
[EventDate "2025.04.17"]
[EventType "swiss"]
[EventRounds "9"]
[EventCountry "CAN"]

1. e4 c5 2. Nf3 d6 3. c3 Nf6 4. Be2 g6 5. O-O Bg7 6. Re1 O-O 7. Bf1 Nc6 8. h3 e5 9. Na3 d5 10. exd5 Nxd5 11. d3 h6 12. Nc4 Qc7 13. Ne3 Nf4 14. Nc4 Nd5 15. Ne3 Rd8 16. Nxd5 Rxd5 17. Be3 b6 18. Qc2 Ba6 19. Red1 Rad8 20. a3 Qd7 21. Qa4 Nb8 22. Qh4 g5 23. Qg3 f5 24. Bxg5 hxg5 25. Nxg5 Rd6 26. c4 Bb7 27. Re1 f4 28. Qh2 Nc6 29. Ne4 Rg6 30. Kh1 Nd4 31. Rad1 f3 32. Re3 Nc2 33. gxf3 Nxe3 34. fxe3 Qf5 35. Bg2 Bxe4 36. fxe4 Qf2 37. d4 cxd4 38. exd4 Rxd4 39. Rf1 Qg3 0-1

[Event "CAN-ch"]
[Site "Toronto CAN"]
[Date "2025.04.30"]
[Round "6.19"]
[White "Darvekar, Yash"]
[Black "Cheng, Adrien"]
[Result "1-0"]
[WhiteElo "2024"]
[BlackElo "1801"]
[WhiteFideId "-1"]
[WhiteFideId "-1"]
[PlyCount "89"]
[GameId "2173393567714060"]
[EventDate "2025.04.17"]
[EventType "swiss"]
[EventRounds "9"]
[EventCountry "CAN"]

1. e4 e5 2. Nf3 Nc6 3. Bb5 a6 4. Bxc6 dxc6 5. O-O Bg4 6. h3 h5 7. d3 Qf6 8. Nbd2 g5 9. Nc4 Bxf3 10. Qxf3 Qxf3 11. gxf3 f6 12. h4 gxh4 13. f4 exf4 14. Bxf4 O-O-O 15. Kh2 Bh6 16. Be3 f5 17. Ne5 Rh7 18. exf5 Rf8 19. Ng6 Rxf5 20. Nxh4 Rff7 21. Bxh6 Rxh6 22. Rae1 Nf6 23. f4 Nd5 24. f5 Rhf6 25. Re5 Kd7 26. c4 Ne7 27. d4 Rd6 28. Rf4 c5 29. Rxc5 b6 30. Re5 Nc6 31. Ree4 Nb4 32. Ng6 Kd8 33. Ne5 Rf8 34. a3 Nc6 35. Nxc6+ Rxc6 36. d5 Rcf6 37. Re5 Kd7 38. Kh3 R6f7 39. b4 Kd6 40. Re6+ Kd7 41. f6 Rg8 42. Kh4 Rg2 43. Rfe4 Rg8 44. Re7+ Rxe7 45. Rxe7+ 1-0